000 01102nam a2200277 i 4500
003 DO-SdBNP
005 20250909114029.0
007 ta
008 250501b2009 dr ||||| |||| 00| 0 spa d
020 _a9789945464030
040 _aDO-SdBNP
_bspa
_cBNPHU
_erda
041 _aspa
082 4 _axxx
_bL847L
_222
100 _aLondon, Jack,
_d1876-1916
_eautor
_4aut.
_933180
245 1 3 _aLa llamada de la selva /
_cJack Londo ; traducción de Javier Escobar Isaza.
264 _a[Lugar de publicación no identificado]
_bGrupo Editorial Norma
_c2009.
300 _a118 páginas ;
_c22 cm.
336 _atexto
_btxt
_2rdacontent
337 _asin mediación
_bn
_2rdamedia
338 _avolumen
_bnc
_2rdacarrier
505 _aHacia lo primitivo -- La ley del garrote y del colmillo -- La dominante bestia primordial -- La dominante bestia primordial -- Quién se apoderó del mando -- La carga del camino y la correa -- Por el amor de un hombre -- La llama resuena.
590 _aInventariado, 2025 /LP
700 1 _aEscobar Isaza, Javier
_etraductor
_4tr.
_987618
910 _aLP
942 _2ddc
_cLBS1
999 _c58893
_d58893